| 000 -LEADER |
| fixed length control field |
00830pab a2200181 454500 |
| 008 - FIXED-LENGTH DATA ELEMENTS--GENERAL INFORMATION |
| fixed length control field |
180718b2004 xxu||||| |||| 00| 0 eng d |
| 100 ## - MAIN ENTRY--PERSONAL NAME |
| Personal name |
Nandini Sundar |
| 245 ## - TITLE STATEMENT |
| Title |
Teaching to hate: RSS' pedagogical programme |
| 260 ## - PUBLICATION, DISTRIBUTION, ETC. |
| Date of publication, distribution, etc. |
2004 |
| 300 ## - PHYSICAL DESCRIPTION |
| Extent |
p.1605-611. |
| 362 ## - DATES OF PUBLICATION AND/OR SEQUENTIAL DESIGNATION |
| Dates of publication and/or sequential designation |
17 Apr |
| 520 ## - SUMMARY, ETC. |
| Summary, etc. |
The RSS/BJP has attempted to effect a radical departure in the existing educational ethos through the use of both state power and the instruments of `civil society'. This article looks at schooling as part of the RSS agenda to create certain notions of citizenship and identity, first examining the textbook debate and then through ethnographic fieldwork in RSS schools in Chattisgarh. - Reproduced. |
| 650 ## - SUBJECT ADDED ENTRY--TOPICAL TERM |
| Topical term or geographic name entry element |
Schools |
| 650 ## - SUBJECT ADDED ENTRY--TOPICAL TERM |
| Topical term or geographic name entry element |
Education |
| 650 ## - SUBJECT ADDED ENTRY--TOPICAL TERM |
| Topical term or geographic name entry element |
Teaching |
| 773 ## - HOST ITEM ENTRY |
| Main entry heading |
Economic and Political Weekly |
| 909 ## - |
| -- |
60387 |